000 01812cam a22002294a 4500
005 20250605164241.0
008 250528s ||||||||||||||||||||||||d
035 _a21333
020 _a9789602186138
040 _aGR-AtMCL
_bgre
_dGR-AtMCL
_eAACR2
245 1 _aΧρήμα, Πίστη, Τράπεζες / Μια Ευρωπαϊκή Προσέγγιση.
_nΤόμος Α΄
250 _a
260 _bAddison-Wesley,
_c2009
300 _a652
520 _aΕνα πλήρες βιβλίο, απαραίτητο για τη σε βάθος κατανόηση της λειτουργίας των χρηματοοικονομικών συστημάτων σε όλο τον Κόσμο και ιδιαίτερα στην Ευρώπη. Οδηγός για το Βιβλίο, Πρόλογος, Εισαγωγή - Χρηματοπιστωτικά Ιδρύματα και Συστήματα, Ο Ρόλος του Χρηματοπιστωτικού Συστήματος, Εισαγωγή στα Χρηματοοικονομικά Συστήματα, Χρήμα και Τράπεζες, Οι Τράπεζες και η Προσφορά Χρήματος, Η Ζήτηση Χρήματος, Νομισματική Πολιτική, Τρέχοντα Ζητήματα, Η Ενιαία Ευρωπαϊκή Αγορά, Το Ευρωπαϊκό Νομισματικό Σύστημα και η Νομισματική Ένωση, Η Ευρωπαϊκή Κεντρική Τράπεζα και η Νομισματική Πολιτική της Ευρωζώνης, Απαντήσεις των Ασκήσεων, Γλωσσάρι Όρων.
700 1 _aBain Keith
_97389
700 1 _aHowells Peter
_97390
700 1 _aΠαπαζαχαρίου Πέτρος
_97391
942 _cBK
999 _c6398
_d6398